| 000 | 00571nam a22002057a 4500 | ||
|---|---|---|---|
| 003 | OSt | ||
| 005 | 20230929065849.0 | ||
| 008 | 150323b xxu||||| |||| 00| 0 eng d | ||
| 020 | _a0192628887 | ||
| 040 | _cDNLM | ||
| 082 | _aWM100 G281p 1999 | ||
| 100 |
_aGelder, Michael; Mayou, Richard; Geddes, John _93234 |
||
| 245 | _aPsychiatry | ||
| 250 | _a2nd ed. | ||
| 260 |
_aOxford: _bOxford University Press; _c1999. |
||
| 300 |
_a502 p: _bcol.ill ; _c26 cm. |
||
| 504 | _aIncludes bibliographical references and index. | ||
| 650 |
_aPsychiatry _9351 |
||
| 942 |
_2z _cSLOAN |
||
| 999 |
_c1192 _d1192 |
||